| 000 | 00338nam a2200121Ia 4500 | ||
|---|---|---|---|
| 008 | 220204s9999 xx 000 0 und d | ||
| 082 |
_aNR:62+678.02 _bSIN |
||
| 100 | _aSin Siew Weng | ||
| 245 | 0 | _aRoom temperature curing systems for Natural rubber | |
| 260 |
_aMalaysia _bRRIM _c1978 |
||
| 490 | _aTechnology Series Report 9 | ||
| 942 | _cBK | ||
| 999 |
_c43324 _d43324 |
||